Vývoj používateľského rozhrania a vizualizácie pre softvérový simulátor technologických procesov

Guardado en:
Detalles Bibliográficos
Autor principal: Oravec, Viktor, 1980- (Autor)
Otros Autores: Filka, Marián (Orientador)
Formato: Manuscrito Libro
Lenguaje:eslovaco
Publicado: Bratislava : STU v Bratislave FEI, 2003
Materias:
Etiquetas: Agregar Etiqueta
Sin Etiquetas, Sea el primero en etiquetar este registro!

MARC

LEADER 00000ntm a22000003a 4500
001 stu83337
005 20150617225636.5
008 040126s2003------------------------slo-d
040 |a STU  |b slo 
041 0 |a slo 
100 1 |a Oravec, Viktor,  |d 1980-  |4 aut  |u E200  |U FEI Fakulta elektrotechniky a informatiky  |T FEI Katedra aplikovanej informatiky a výpočtovej techniky  |X 10226  |U E200  |Y 67  |7 A000010226 
245 1 |a Vývoj používateľského rozhrania a vizualizácie pre softvérový simulátor technologických procesov 
260 |a Bratislava :  |b STU v Bratislave FEI,  |c 2003 
300 |a 84 s 
650 7 |a automatizácia  |2 stusub 
700 1 |a Filka, Marián  |4 ths  |u E260  |U FEI Fakulta elektrotechniky a informatiky  |T FEI Katedra automatizovaných systémov riadenia  |U E260  |Y 595